| 000 | 00488nam a2200169Ia 4500 | ||
|---|---|---|---|
| 999 |
_c6353 _d6353 |
||
| 003 | OSt | ||
| 005 | 20200116150029.0 | ||
| 008 | 190216s9999||||xx |||||||||||||| ||und|| | ||
| 040 | _coclc | ||
| 082 |
_a657.42 _bKUM/E |
||
| 100 |
_aKumar, Pradeep _91222 |
||
| 245 | 0 |
_aElements Of Cost Accounting / _cPradeep Kumar |
|
| 260 |
_bKedar Nath Ram Nath, _c1998. _aMeerut: |
||
| 300 | _a418p | ||
| 650 | _aCost Accounting | ||
| 942 |
_cBK _2ddc _h657.42 _iKUM/E _k657.42 _mKUM/E |
||